Statistiques concernant Familles d'araignées

Cliquez ici pour prendre le quiz!

Statistiques générales

  • Ce quiz a été pris 6 fois
  • Le résultat moyen est 4 sur 16

Statistiques - réponses

Réponse% Correct
Pholcidae
75%
Salticidae
75%
Atypidae
50%
Lycosidae
50%
Thomisidae
50%
Araneidae
25%
Linyphiidae
25%
Sparassidae
25%
Theraphosidae
25%
Theridiidae
25%
Agelenidae
0%
Cheiracanthiidae
0%
Corinnidae
0%
Ctinidae
0%
Oonopidae
0%
Tetragnathidae
0%

Distribution des résultats

Percentile par nombre de réponses

% des personnes avec chaque résultat

Votre développement - résultats

Vous n’avez pas pris ce quiz